Regional planning guidance for the north east to 2016 (RPG1) (Record no. 103064)
[ view plain ]
| 000 -LEADER | |
|---|---|
| fixed length control field | 01420cam a2200289 4500 |
| 008 - FIXED-LENGTH DATA ELEMENTS--GENERAL INFORMATION | |
| fixed length control field | 030915n2002 000 0 eng u |
| 020 ## - INTERNATIONAL STANDARD BOOK NUMBER | |
| International Standard Book Number | 0117536415 |
| 035 ## - SYSTEM CONTROL NUMBER | |
| System control number | (Sirsi) u123588 |
| 041 ## - LANGUAGE CODE | |
| Language code of text/sound track or separate title | eng |
| 050 ## - LIBRARY OF CONGRESS CALL NUMBER | |
| Classification number | 711.309428 |
| -- | 18 |
| 110 ## - MAIN ENTRY--CORPORATE NAME | |
| Corporate name or jurisdiction name as entry element | Government Office for the North East |
| 9 (RLIN) | 4526 |
| 245 ## - TITLE STATEMENT | |
| Title | Regional planning guidance for the north east to 2016 (RPG1) |
| 260 ## - PUBLICATION, DISTRIBUTION, ETC. | |
| Place of publication, distribution, etc. | London |
| Name of publisher, distributor, etc. | Stationery Office |
| Date of publication, distribution, etc. | 2002 |
| 300 ## - PHYSICAL DESCRIPTION | |
| Extent | 175p. |
| Dimensions | 30cm. |
| 350 ## - PRICE (NR) (BK AM CF MU VM SE) [OBSOLETE] | |
| Price | 24 |
| 490 ## - SERIES STATEMENT | |
| Series statement | RPG |
| Volume/sequential designation | 1 |
| 520 ## - SUMMARY, ETC. | |
| Summary, etc. | Covers the administrative areas of Northumberland and Durham CC, Newcastle upon Tyne, North Tyneside, Gateshead, South Tyneside and Sunderland Metropolitan authorities, the Northumberland National Park, together with Darlington, Hartlepool, Stockton-on-Tees, Middlesbrough and Redcar and Cleveland Unitary Authorities. View RPG1 at http://go-ne.gov.uk/rpg. |
| 520 ## - SUMMARY, ETC. | |
| Summary, etc. | Supersedes "RPG1: strategic guidance for Tyne and Wear" (1989 edition, ISBN 0117522279) and "RPG7: regional planning guidance for the northern region" (1993 edition, ISBN 0117528633). |
| 650 ## - SUBJECT ADDED ENTRY--TOPICAL TERM | |
| Topical term or geographic name entry element | REGIONAL PLANNING |
| 650 ## - SUBJECT ADDED ENTRY--TOPICAL TERM | |
| Topical term or geographic name entry element | REGIONAL PLANNING GUIDANCE |
| 650 ## - SUBJECT ADDED ENTRY--TOPICAL TERM | |
| Topical term or geographic name entry element | NORTHEAST ENGLAND |
| 650 ## - SUBJECT ADDED ENTRY--TOPICAL TERM | |
| Topical term or geographic name entry element | RPG1 |
| 690 ## - LOCAL SUBJECT ADDED ENTRY--TOPICAL TERM (OCLC, RLIN) | |
| Topical term or geographic name as entry element | Planning and development |
| 9 (RLIN) | 6259 |
| 710 ## - ADDED ENTRY--CORPORATE NAME | |
| Corporate name or jurisdiction name as entry element | United Kingdom |
| Subordinate unit | Office of the Deputy Prime Minister |
| 856 ## - ELECTRONIC LOCATION AND ACCESS | |
| Uniform Resource Identifier | <a href="https://go-ne.gov.uk/rpg">https://go-ne.gov.uk/rpg</a> |
| Public note | View RPG1 on the Government Office for the North East website... |
| 942 ## - ADDED ENTRY ELEMENTS (KOHA) | |
| Suppress in OPAC | 0 |
| Withdrawn status | Lost status | Source of classification or shelving scheme | Damaged status | Not for loan | Home library | Current library | Shelving location | Date acquired | Cost, normal purchase price | Total Checkouts | Full call number | Barcode | Date last seen | Copy number | Cost, replacement price | Price effective from | Koha item type |
|---|---|---|---|---|---|---|---|---|---|---|---|---|---|---|---|---|---|
| Other/Generic Classification Scheme | London | London | Enquiry desk | 24/09/2003 | 24.00 | BOXED SET | 30067778 | 06/08/2019 | 1 | 24.00 | 06/08/2019 | Book | |||||
| Dewey Decimal Classification | Virtual | Virtual | Online | 24/09/2003 | ONLINE PUBLICATION | 123588-2001 | 06/08/2019 | 1 | 06/08/2019 | Book |